Catálogo

DERECHO CONSTITUCIONAL (Registro nro. 32278)

Detalles MARC
000 -LEADER
fixed length control field 00944nam a2200193 a 4500
001 - CONTROL NUMBER
control field 32278
005 - DATE AND TIME OF LATEST TRANSACTION
control field 20180713235838.0
008 - FIXED-LENGTH DATA ELEMENTS--GENERAL INFORMATION
fixed length control field 140415s2008 mx 000 0 spa d
020 ## - INTERNATIONAL STANDARD BOOK NUMBER
International Standard Book Number 9789706139320
041 ## - LANGUAGE CODE
Language code of text/sound track or separate title spa
082 ## - DEWEY DECIMAL CLASSIFICATION NUMBER
Classification number 342.72
Item number AND
100 1# - MAIN ENTRY--PERSONAL NAME
Personal name ANDRADE SANCHEZ, EDUARDO
245 10 - TITLE STATEMENT
Title DERECHO CONSTITUCIONAL
250 ## - EDITION STATEMENT
Edition statement 1a ed.
260 ## - PUBLICATION, DISTRIBUTION, ETC.
Place of publication, distribution, etc. MEXICO :
Name of publisher, distributor, etc. OXFORD,
Date of publication, distribution, etc. 2008
300 ## - PHYSICAL DESCRIPTION
Extent 571
Dimensions 18 x 3.05 x 24
520 ## - SUMMARY, ETC.
Summary, etc. ESTA OBRA ES RESULTADO TANTO DE LA REFLEXION TEORICA DEL AUTOR COMO DE SU EXPERIENCIA COMO LEGISLADOR EN EL CONGRESO DE LA UNION Y DE SU TRABAJO ACADEMICO. EN 17 CAPITULOS ANDRADE ABARCA TODOS LOS TEMAS DEL PROGRAMA DE LA MATERIAL. PRIMERO EXPONE LA TEORIA CONSTITUCIONAL Y EN SEGUIDA ABORDA LA ESTRUCTURA Y ORGANIZACION DEL ESTADO MEXICANO QUE SON REGIDAS POR LA CONSTITUCION POLITICA DE LOS ESTADOS UNIDOS MEXICANOS, LA CUAL ES ANALIZADA MINUCIOSAMENTE.
650 14 - SUBJECT ADDED ENTRY--TOPICAL TERM
Topical term or geographic name entry element DERECHO CONSTITUCIONAL
Existencias
Withdrawn status Lost status Source of classification or shelving scheme Damaged status Not for loan Collection code Home library Current library Shelving location Date acquired Source of acquisition Total Checkouts Full call number Barcode Price effective from Koha item type
    Dewey Decimal Classification     General Tehuacán Tehuacán Sala general 03/12/2013 Compra   342.72 AND 507171 03/12/2013 Libro